21世紀NPBオールスターファン投票選出選手 - Statistics

General Stats
  • This quiz has been taken 29 times
  • The average score is 278 of 552
Answer Stats
リーグ 年度 ポジション 選手名 所属 % Correct
捕手 阿部慎之助 巨人
86%
捕手 阿部慎之助 巨人
86%
捕手 阿部慎之助 巨人
86%
捕手 阿部慎之助 巨人
86%
外野 バレンティン ヤクルト
86%
捕手 阿部慎之助 巨人
86%
捕手 阿部慎之助 巨人
86%
外野 バレンティン ヤクルト
86%
捕手 阿部慎之助 巨人
86%
外野 バレンティン ヤクルト
86%
三塁 村上宗隆 ヤクルト
86%
三塁 村上宗隆 ヤクルト
86%
三塁 村上宗隆 ヤクルト
86%
三塁 村上宗隆 ヤクルト
86%
セリーグ 2001 先発 上原浩治 巨人
79%
一塁 清原和博 巨人
79%
外野 松井秀喜 巨人
79%
外野 高橋由伸 巨人
79%
一塁 清原和博 巨人
79%
外野 松井秀喜 巨人
79%
外野 高橋由伸 巨人
79%
2004 先発 上原浩治 巨人
79%
外野 高橋由伸 巨人
79%
一塁 清原和博 巨人
79%
遊撃 坂本勇人 巨人
79%
遊撃 坂本勇人 巨人
79%
遊撃 坂本勇人 巨人
79%
遊撃 坂本勇人 巨人
79%
外野 高橋由伸 巨人
79%
外野 丸佳浩 広島
79%
外野 丸佳浩 広島
79%
外野 丸佳浩 広島
79%
二塁 山田哲人 ヤクルト
79%
遊撃 坂本勇人 巨人
79%
外野 丸佳浩 広島
79%
遊撃 坂本勇人 巨人
79%
外野 鈴木誠也 広島
79%
中継 上原浩治 巨人
79%
一塁 岡本和真 巨人
79%
二塁 山田哲人 ヤクルト
79%
遊撃 坂本勇人 巨人
79%
外野 鈴木誠也 広島
79%
一塁 岡本和真 巨人
79%
二塁 山田哲人 ヤクルト
79%
遊撃 坂本勇人 巨人
79%
外野 鈴木誠也 広島
79%
二塁 山田哲人 ヤクルト
79%
外野 佐藤輝明 阪神
79%
外野 鈴木誠也 広島
79%
遊撃 坂本勇人 巨人
79%
外野 佐藤輝明 阪神
79%
三塁 佐藤輝明 阪神
79%
一塁 岡本和真 巨人
79%
三塁 佐藤輝明 阪神
79%
指名 清原和博 オリックス
79%
中継 岩瀬仁紀 中日
71%
捕手 古田敦也 ヤクルト
71%
二塁 仁志敏久 巨人
71%
外野 金本知憲 広島
71%
中継 岩瀬仁紀 中日
71%
外野 金本知憲 阪神
71%
外野 ローズ 巨人
71%
外野 金本知憲 阪神
71%
2005 先発 黒田博樹 広島
71%
中継 藤川球児 阪神
71%
捕手 古田敦也 ヤクルト
71%
遊撃 鳥谷敬 阪神
71%
外野 金本知憲 阪神
71%
中継 藤川球児 阪神
71%
捕手 古田敦也 ヤクルト
71%
遊撃 鳥谷敬 阪神
71%
外野 金本知憲 阪神
71%
2007 先発 黒田博樹 広島
71%
抑え 藤川球児 阪神
71%
二塁 仁志敏久 横浜
71%
外野 青木宣親 ヤクルト
71%
抑え 藤川球児 阪神
71%
三塁 村田修一 横浜
71%
外野 青木宣親 ヤクルト
71%
外野 金本知憲 阪神
71%
外野 青木宣親 ヤクルト
71%
2010 先発 前田健太 広島
71%
抑え 藤川球児 阪神
71%
捕手 城島健司 阪神
71%
外野 青木宣親 ヤクルト
71%
外野 ラミレス 巨人
71%
抑え 藤川球児 阪神
71%
三塁 村田修一 横浜
71%
外野 青木宣親 ヤクルト
71%
外野 ラミレス 巨人
71%
2012 先発 前田健太 広島
71%
抑え 藤川球児 阪神
71%
一塁 中村紀洋 横浜
71%
遊撃 鳥谷敬 阪神
71%
外野 ラミレス 横浜
71%
2013 先発 前田健太 広島
71%
抑え 岩瀬仁紀 中日
71%
遊撃 鳥谷敬 阪神
71%
2014 先発 前田健太 広島
71%
二塁 菊池涼介 広島
71%
遊撃 鳥谷敬 阪神
71%
2015 先発 黒田博樹 広島
71%
二塁 菊池涼介 広島
71%
遊撃 鳥谷敬 阪神
71%
外野 筒香嘉智 横浜
71%
2016 先発 菅野智之 巨人
71%
外野 筒香嘉智 横浜
71%
2017 先発 菅野智之 巨人
71%
捕手 梅野隆太郎 阪神
71%
二塁 菊池涼介 広島
71%
三塁 鳥谷敬 阪神
71%
外野 筒香嘉智 横浜
71%
外野 筒香嘉智 横浜
71%
外野 青木宣親 ヤクルト
71%
捕手 梅野隆太郎 阪神
71%
外野 筒香嘉智 横浜
71%
捕手 梅野隆太郎 阪神
71%
一塁 マルテ 阪神
71%
捕手 梅野隆太郎 阪神
71%
外野 秋山翔吾 広島
71%
抑え マルティネス 中日
71%
外野 筒香嘉智 横浜
71%
捕手 城島健司 ダイエー
71%
三塁 中村紀洋 近鉄
71%
外野 ローズ 近鉄
71%
捕手 城島健司 ダイエー
71%
三塁 中村紀洋 近鉄
71%
外野 ローズ 近鉄
71%
捕手 城島健司 ダイエー
71%
外野 ローズ 近鉄
71%
捕手 城島健司 ダイエー
71%
捕手 城島健司 ソフトバンク
71%
外野 ローズ オリックス
71%
指名 ローズ オリックス
71%
外野 秋山翔吾 西武
71%
外野 秋山翔吾 西武
71%
外野 秋山翔吾 西武
71%
外野 秋山翔吾 西武
71%
外野 秋山翔吾 西武
71%
一塁 マルティネス 日本ハム
71%
2002 先発 井川慶 阪神
64%
捕手 矢野輝弘 阪神
64%
二塁 今岡誠 阪神
64%
遊撃 井端弘和 中日
64%
2003 先発 井川慶 阪神
64%
捕手 矢野輝弘 阪神
64%
二塁 今岡誠 阪神
64%
二塁 今岡誠 阪神
64%
三塁 今岡誠 阪神
64%
2006 先発 川上憲伸 中日
64%
抑え クルーン 横浜
64%
三塁 小笠原道大 巨人
64%
遊撃 井端弘和 中日
64%
一塁 新井貴浩 阪神
64%
中継 山口鉄也 巨人
64%
三塁 小笠原道大 巨人
64%
外野 内川聖一 横浜
64%
三塁 小笠原道大 巨人
64%
中継 浅尾拓也 中日
64%
二塁 井端弘和 中日
64%
中継 山口鉄也 巨人
64%
中継 山口鉄也 巨人
64%
一塁 ブランコ 横浜
64%
二塁 西岡剛 阪神
64%
中継 山口鉄也 巨人
64%
一塁 新井貴浩 広島
64%
一塁 新井貴浩 広島
64%
一塁 新井貴浩 広島
64%
外野 糸井嘉男 阪神
64%
2018 先発 松坂大輔 中日
64%
三塁 宮崎敏郎 横浜
64%
2019 先発 大瀬良大地 広島
64%
外野 近本光司 阪神
64%
中継 岩崎優 阪神
64%
抑え スアレス 阪神
64%
遊撃 中野拓夢 阪神
64%
外野 近本光司 阪神
64%
一塁 中田翔 巨人
64%
外野 近本光司 阪神
64%
中継 岩崎優 阪神
64%
一塁 大山悠輔 阪神
64%
二塁 中野拓夢 阪神
64%
外野 近本光司 阪神
64%
外野 ノイジー 阪神
64%
中継 岩崎優 阪神
64%
外野 近本光司 阪神
64%
捕手 甲斐拓也 巨人
64%
一塁 大山悠輔 阪神
64%
外野 森下翔太 阪神
64%
外野 近本光司 阪神
64%
一塁 カブレラ 西武
64%
2002 先発 松坂大輔 西武
64%
一塁 小笠原道大 日本ハム
64%
指名 カブレラ 西武
64%
2003 先発 松坂大輔 西武
64%
一塁 カブレラ 西武
64%
三塁 小笠原道大 日本ハム
64%
三塁 小笠原道大 日本ハム
64%
2005 先発 松坂大輔 西武
64%
二塁 西岡剛 ロッテ
64%
三塁 小笠原道大 日本ハム
64%
2006 先発 松坂大輔 西武
64%
一塁 小笠原道大 日本ハム
64%
外野 内川聖一 ソフトバンク
64%
外野 中田翔 日本ハム
64%
外野 糸井嘉男 日本ハム
64%
外野 中田翔 日本ハム
64%
外野 糸井嘉男 オリックス
64%
外野 中田翔 日本ハム
64%
外野 糸井嘉男 オリックス
64%
外野 中田翔 日本ハム
64%
一塁 中田翔 日本ハム
64%
外野 糸井嘉男 オリックス
64%
一塁 中田翔 日本ハム
64%
外野 糸井嘉男 オリックス
64%
一塁 中田翔 日本ハム
64%
三塁 江藤智 巨人
57%
外野 桧山進次郎 阪神
57%
一塁 桧山進次郎 阪神
57%
外野 赤星憲広 阪神
57%
抑え 佐々木主浩 横浜
57%
遊撃 二岡智宏 巨人
57%
外野 赤星憲広 阪神
57%
外野 前田智徳 広島
57%
外野 赤星憲広 阪神
57%
一塁 栗原健太 広島
57%
外野 前田智徳 広島
57%
中継 久保田智之 阪神
57%
外野 前田智徳 広島
57%
抑え 林昌勇 ヤクルト
57%
一塁 栗原健太 広島
57%
一塁 栗原健太 広島
57%
三塁 宮本慎也 ヤクルト
57%
三塁 宮本慎也 ヤクルト
57%
抑え 山崎康晃 横浜
57%
抑え 山崎康晃 横浜
57%
捕手 中村悠平 ヤクルト
57%
抑え 山崎康晃 横浜
57%
抑え 山崎康晃 横浜
57%
捕手 小林誠司 巨人
57%
中継 ジョンソン 阪神
57%
抑え 山崎康晃 横浜
57%
抑え 大勢 巨人
57%
捕手 木下拓哉 中日
57%
二塁 牧秀悟 横浜
57%
2023 先発 村上頌樹 阪神
57%
遊撃 木浪聖也 阪神
57%
2024 先発 才木浩人 阪神
57%
捕手 山本祐大 横浜
57%
二塁 牧秀悟 横浜
57%
遊撃 長岡秀樹 ヤクルト
57%
2025 先発 村上頌樹 阪神
57%
中継 大勢 巨人
57%
二塁 牧秀悟 横浜
57%
遊撃 矢野雅哉 広島
57%
二塁 井口資仁 ダイエー
57%
二塁 井口資仁 ダイエー
57%
二塁 井口資仁 ダイエー
57%
2004 先発 岩隈久志 近鉄
57%
一塁 松中信彦 ダイエー
57%
二塁 井口資仁 ダイエー
57%
一塁 松中信彦 ソフトバンク
57%
一塁 松中信彦 ソフトバンク
57%
二塁 井口資仁 ロッテ
57%
指名 二岡智宏 日本ハム
57%
二塁 井口資仁 ロッテ
57%
指名 二岡智宏 日本ハム
57%
二塁 井口資仁 ロッテ
57%
二塁 井口資仁 ロッテ
57%
二塁 井口資仁 ロッテ
57%
外野 柳田悠岐 ソフトバンク
57%
外野 柳田悠岐 ソフトバンク
57%
外野 柳田悠岐 ソフトバンク
57%
外野 柳田悠岐 ソフトバンク
57%
外野 柳田悠岐 ソフトバンク
57%
外野 柳田悠岐 ソフトバンク
57%
外野 柳田悠岐 ソフトバンク
57%
指名 柳田悠岐 ソフトバンク
57%
外野 柳田悠岐 ソフトバンク
57%
抑え 高津臣吾 ヤクルト
50%
外野 濱中治 阪神
50%
三塁 小久保裕紀 巨人
50%
三塁 小久保裕紀 巨人
50%
外野 福留孝介 中日
50%
外野 福留孝介 中日
50%
二塁 東出輝裕 広島
50%
2009 先発 大竹寛 広島
50%
捕手 石原慶幸 広島
50%
二塁 東出輝裕 広島
50%
二塁 東出輝裕 広島
50%
外野 松本哲也 巨人
50%
一塁 畠山和洋 ヤクルト
50%
二塁 平野恵一 阪神
50%
外野 長野久義 巨人
50%
捕手 會澤翼 広島
50%
外野 梶谷隆幸 横浜
50%
2022 先発 青柳晃洋 阪神
50%
中継 湯浅京己 阪神
50%
外野 塩見泰隆 ヤクルト
50%
抑え 湯浅京己 阪神
50%
抑え 松山晋也 中日
50%
外野 岡林勇希 中日
50%
遊撃 松井稼頭央 西武
50%
遊撃 松井稼頭央 西武
50%
遊撃 松井稼頭央 西武
50%
抑え 豊田清 西武
50%
遊撃 川崎宗則 ダイエー
50%
遊撃 川崎宗則 ソフトバンク
50%
遊撃 川崎宗則 ソフトバンク
50%
三塁 小久保裕紀 ソフトバンク
50%
遊撃 川崎宗則 ソフトバンク
50%
2008 先発 ダルビッシュ有 日本ハム
50%
一塁 小久保裕紀 ソフトバンク
50%
遊撃 川崎宗則 ソフトバンク
50%
2009 先発 ダルビッシュ有 日本ハム
50%
一塁 小久保裕紀 ソフトバンク
50%
遊撃 川崎宗則 ソフトバンク
50%
遊撃 川崎宗則 ソフトバンク
50%
2011 先発 ダルビッシュ有 日本ハム
50%
遊撃 川崎宗則 ソフトバンク
50%
遊撃 松井稼頭央 楽天
50%
指名 森友哉 西武
50%
捕手 森友哉 西武
50%
捕手 森友哉 西武
50%
捕手 森友哉 西武
50%
捕手 森友哉 オリックス
50%
外野 SHINJO 日本ハム
50%
外野 SHINJO 日本ハム
50%
外野 SHINJO 日本ハム
50%
遊撃 石井琢朗 横浜
43%
三塁 アリアス 阪神
43%
遊撃 藤本敦士 阪神
43%
中継 五十嵐亮太 ヤクルト
43%
一塁 アリアス 阪神
43%
抑え 五十嵐亮太 ヤクルト
43%
二塁 藤本敦士 阪神
43%
一塁 シーツ 阪神
43%
二塁 藤本敦士 阪神
43%
外野 エルドレッド 広島
43%
三塁 川端慎吾 ヤクルト
43%
三塁 川端慎吾 ヤクルト
43%
中継 マテオ 阪神
43%
外野 細川成也 中日
43%
抑え 小林雅英 ロッテ
43%
外野 和田一浩 西武
43%
抑え 小林雅英 ロッテ
43%
外野 和田一浩 西武
43%
捕手 里崎智也 ロッテ
43%
2007 先発 田中将大 楽天
43%
三塁 中村剛也 西武
43%
外野 稲葉篤紀 日本ハム
43%
捕手 里崎智也 ロッテ
43%
三塁 中村剛也 西武
43%
外野 稲葉篤紀 日本ハム
43%
2010 先発 杉内俊哉 ソフトバンク
43%
捕手 里崎智也 ロッテ
43%
三塁 中村剛也 西武
43%
外野 稲葉篤紀 日本ハム
43%
指名 稲葉篤紀 日本ハム
43%
一塁 稲葉篤紀 日本ハム
43%
2013 先発 田中将大 楽天
43%
外野 大谷翔平 日本ハム
43%
一塁 中村剛也 西武
43%
2015 先発 大谷翔平 日本ハム
43%
三塁 中村剛也 西武
43%
2016 先発 大谷翔平 日本ハム
43%
2017 先発 千賀滉大 ソフトバンク
43%
指名 大谷翔平 日本ハム
43%
一塁 山川穂高 西武
43%
指名 近藤健介 日本ハム
43%
2019 先発 千賀滉大 ソフトバンク
43%
一塁 山川穂高 西武
43%
指名 近藤健介 日本ハム
43%
一塁 山川穂高 西武
43%
三塁 中村剛也 西武
43%
一塁 山川穂高 西武
43%
外野 近藤健介 ソフトバンク
43%
外野 万波中正 日本ハム
43%
外野 近藤健介 ソフトバンク
43%
指名 中村剛也 西武
43%
外野 万波中正 日本ハム
43%
外野 赤松真人 広島
36%
2011 先発 由規 ヤクルト
36%
一塁 キラ 広島
36%
三塁 堂林翔太 広島
36%
外野 高山俊 阪神
36%
外野 谷佳知 オリックス
36%
外野 谷佳知 オリックス
36%
外野 谷佳知 オリックス
36%
外野 谷佳知 オリックス
36%
外野 谷佳知 オリックス
36%
指名 山崎武司 楽天
36%
中継 攝津正 ソフトバンク
36%
一塁 山崎武司 楽天
36%
中継 平野佳寿 オリックス
36%
抑え 平野佳寿 オリックス
36%
抑え 平野佳寿 オリックス
36%
抑え サファテ ソフトバンク
36%
指名 長谷川勇也 ソフトバンク
36%
2022 先発 佐々木朗希 ロッテ
36%
2023 先発 佐々木朗希 ロッテ
36%
抑え オスナ ソフトバンク
36%
三塁 片岡篤史 阪神
29%
中継 越智大祐 巨人
29%
抑え ミコライオ 広島
29%
中継 田島慎二 中日
29%
2021 先発 森下暢仁 広島
29%
指名 ズレータ ダイエー
29%
指名 ズレータ ソフトバンク
29%
抑え 馬原孝浩 ソフトバンク
29%
三塁 今江敏晃 ロッテ
29%
捕手 嶋基宏 楽天
29%
外野 鉄平 楽天
29%
中継 武田久 日本ハム
29%
二塁 田中賢介 日本ハム
29%
抑え 武田久 日本ハム
29%
抑え 馬原孝浩 ソフトバンク
29%
抑え 馬原孝浩 ソフトバンク
29%
捕手 嶋基宏 楽天
29%
三塁 松田宣浩 ソフトバンク
29%
抑え 武田久 日本ハム
29%
三塁 松田宣浩 ソフトバンク
29%
遊撃 中島裕之 西武
29%
三塁 松田宣浩 ソフトバンク
29%
捕手 嶋基宏 楽天
29%
二塁 浅村栄斗 西武
29%
三塁 松田宣浩 ソフトバンク
29%
遊撃 今宮健太 ソフトバンク
29%
捕手 嶋基宏 楽天
29%
二塁 浅村栄斗 西武
29%
遊撃 今宮健太 ソフトバンク
29%
中継 牧田和久 西武
29%
二塁 浅村栄斗 西武
29%
三塁 松田宣浩 ソフトバンク
29%
遊撃 今宮健太 ソフトバンク
29%
中継 牧田和久 西武
29%
捕手 嶋基宏 楽天
29%
二塁 浅村栄斗 楽天
29%
三塁 松田宣浩 ソフトバンク
29%
遊撃 今宮健太 ソフトバンク
29%
外野 上林誠知 ソフトバンク
29%
中継 宮西尚生 日本ハム
29%
二塁 浅村栄斗 西武
29%
三塁 松田宣浩 ソフトバンク
29%
遊撃 源田壮亮 西武
29%
中継 宮西尚生 日本ハム
29%
二塁 浅村栄斗 楽天
29%
遊撃 今宮健太 ソフトバンク
29%
2021 先発 宮城大弥 オリックス
29%
二塁 浅村栄斗 楽天
29%
遊撃 源田壮亮 西武
29%
二塁 浅村栄斗 楽天
29%
遊撃 今宮健太 ソフトバンク
29%
一塁 頓宮裕真 オリックス
29%
遊撃 源田壮亮 西武
29%
抑え 田中正義 日本ハム
29%
2025 先発 宮城大弥 オリックス
29%
抑え 田中正義 日本ハム
29%
捕手 若月健矢 オリックス
29%
一塁 頓宮裕真 オリックス
29%
三塁 清宮幸太郎 日本ハム
29%
外野 T-岡田 オリックス
29%
外野 T-岡田 オリックス
29%
抑え 岡島秀樹 巨人
21%
中継 岡島秀樹 巨人
21%
抑え 河原純一 巨人
21%
2008 先発 高橋建 広島
21%
中継 一岡竜司 広島
21%
パリーグ 2001 先発 黒木知宏 ロッテ
21%
外野 秋山幸二 ダイエー
21%
指名 大道典嘉 ダイエー
21%
中継 森慎二 西武
21%
外野 秋山幸二 ダイエー
21%
中継 森慎二 西武
21%
指名 大道典嘉 ダイエー
21%
中継 森慎二 西武
21%
外野 柴原洋 ソフトバンク
21%
捕手 細川亨 西武
21%
外野 柴原洋 ソフトバンク
21%
外野 大村直之 オリックス
21%
中継 ファルケンボーグ ソフトバンク
21%
外野 多村仁志 ソフトバンク
21%
2012 先発 斎藤佑樹 日本ハム
21%
捕手 鶴岡慎也 日本ハム
21%
中継 増井浩俊 日本ハム
21%
捕手 伊藤光 オリックス
21%
一塁 李大浩 オリックス
21%
中継 佐藤達也 オリックス
21%
指名 ペーニャ オリックス
21%
抑え 松井裕樹 楽天
21%
捕手 炭谷銀仁朗 西武
21%
抑え 松井裕樹 楽天
21%
2018 先発 菊池雄星 西武
21%
抑え 増井浩俊 オリックス
21%
外野 吉田正尚 オリックス
21%
抑え 松井裕樹 楽天
21%
三塁 レアード ロッテ
21%
外野 吉田正尚 オリックス
21%
中継 平良海馬 西武
21%
抑え 松井裕樹 楽天
21%
外野 吉田正尚 オリックス
21%
指名 レアード ロッテ
21%
抑え 松井裕樹 楽天
21%
外野 吉田正尚 オリックス
21%
外野 松本剛 日本ハム
21%
指名 レアード ロッテ
21%
三塁 栗原陵矢 ソフトバンク
21%
外野 松本剛 日本ハム
21%
外野 杉本裕太郎 オリックス
21%
2024 先発 山崎福也 日本ハム
21%
三塁 郡司裕也 日本ハム
21%
遊撃 紅林弘太郎 オリックス
21%
外野 西川龍馬 オリックス
21%
指名 レイエス 日本ハム
21%
外野 G.G.佐藤 西武
21%
中継 林昌範 巨人
14%
外野 廣瀬純 広島
14%
抑え ペドラザ ダイエー
14%
抑え ペドラザ ダイエー
14%
外野 坪井智哉 日本ハム
14%
中継 薮田安彦 ロッテ
14%
外野 磯部公一 楽天
14%
中継 菊地原毅 オリックス
14%
二塁 本間満 ソフトバンク
14%
中継 松本輝 楽天
14%
抑え 福盛和男 楽天
14%
二塁 高須洋介 楽天
14%
外野 磯部公一 楽天
14%
抑え 加藤大輔 オリックス
14%
外野 草野大輔 楽天
14%
一塁 金泰均 ロッテ
14%
中継 森福允彦 ソフトバンク
14%
外野 陽岱鋼 日本ハム
14%
指名 スレッジ 日本ハム
14%
指名 ジョーンズ 楽天
14%
2014 先発 西勇輝 オリックス
14%
外野 陽岱鋼 日本ハム
14%
中継 バリオス ソフトバンク
14%
外野 マーティン ロッテ
14%
捕手 松川虎生 ロッテ
14%
三塁 野村佑希 日本ハム
14%
中継 山崎颯一郎 オリックス
14%
二塁 外崎修汰 西武
14%
中継 河野竜生 日本ハム
14%
中継 甲斐野央 西武
14%
二塁 太田椋 オリックス
14%
外野 渡部聖弥 西武
14%
中継 又吉克樹 ソフトバンク
7%
捕手 田宮裕涼 日本ハム
7%
二塁 上川畑大悟 日本ハム
7%
遊撃 水野達稀 日本ハム
7%
中継 盛田幸紀 近鉄
0%
No matching quizzes found
Score Distribution
Percent of People with Each Score
Percentile by Number Answered
Your Score History
You have not taken this quiz